| 000 | 00870cam a2200277 i 4500 | ||
|---|---|---|---|
| 999 |
_c38815 _d38815 |
||
| 001 | 38815 | ||
| 003 | Mx-PuUPA | ||
| 005 | 20260126151509.0 | ||
| 008 | 140415s1981 mx a gr 001 0 spa d | ||
| 040 |
_aMX-PuUPA _bspa _erda _cMx-PuUPA _dMx-PuUPA |
||
| 041 | 0 | _aspa | |
| 100 | 1 |
_aLópez Beltrán, Lauro, _eautor _9336 |
|
| 245 | 1 | 3 |
_aLa historicidad de Juan Diego / _cLauro López Beltran. |
| 250 | _aPrimera edición | ||
| 264 | 1 |
_aMéxico: _bEditorial Tradición, _c1981 |
|
| 300 |
_a222 páginas ; _c24 cm. |
||
| 336 |
_atexto _2rdacontent _btxt |
||
| 337 |
_asin medio _2rdamedia _bn |
||
| 338 |
_avolumen _2rdacarrier _bnc |
||
| 600 | 1 | 0 |
_aJuan Diego, _xHistoria _d1474-1515 |
| 600 | 1 | 0 | _aVirgen de Guadalupe |
| 650 | 4 |
_aCatólicos _zMéxico _xBiografía |
|
| 942 |
_2ddc _cLI _h920.008 _iL8645 |
||